| 000 | 00977nam a22002651a 4500 | ||
|---|---|---|---|
| 999 |
_c2446 _d2446 |
||
| 008 | 200319s2011 ii ad||g m|||a00| 0 eng d | ||
| 040 |
_aKO _beng |
||
| 041 | 0 | _aeng | |
| 044 | _aii | ||
| 082 | 0 | 4 |
_223 _a378.242 _bIRM1017 |
| 100 | 1 |
_aJose, Nemish _eResearcher |
|
| 245 | 3 | 0 |
_aInternship Report on Container Terminal Operations and Documentation Process at DP World Nhava Sheva, Navi Mumbai / _cNemish Jose; Guide Dr. B. Swaminathan |
| 260 |
_aKochi : _bIndian Maritime University, _c2011 |
||
| 300 |
_a83p. : _bill., charts ; _c29 cm. |
||
| 490 | 0 |
_aMBA Internship 2010-12 ; _v1024217216 |
|
| 502 | _aInternship (MBA)–Indian Maritime University. School of Maritime Management, 2011. | ||
| 610 | _aDP World Nhava Sheva, Navi Mumbai. | ||
| 650 | 0 |
_aIndustrial organization _xCase studies |
|
| 650 | 0 | _aContainer terminals | |
| 655 | 7 |
_2lcsh _aDissertations, Academic _y2011 |
|
| 700 | 1 |
_aSwaminathan, B. _cDr. _eGuide |
|
| 904 | _aA_BOSE | ||
| 942 | _cTH | ||